[Event "Budapest SixDays 03 IM-C"]
[Site "Budapest"]
[Date "2025.03.27"]
[Round "6"]
[White "Bashirov, Kemal"]
[Black "Szeberenyi, Adam"]
[Result "0-1"]
[WhiteElo "2336"]
[BlackElo "2294"]
[PlyCount "78"]
[EventDate "2025.03.24"]
[EventType "tourn"]
[EventRounds "9"]
[EventCountry "HUN"]
[SourceTitle "CB14_2025"]
[SourceDate "2024.11.01"]
[SourceVersion "1"]
[SourceVersionDate "2024.11.01"]
[SourceQuality "1"]

1. e4 c5 2. Nf3 e6 3. d4 cxd4 4. Nxd4 Nf6 5. Nc3 Nc6 6. Nxc6 bxc6 7. e5 Nd5 8. Ne4 Bb7 9. Be2 c5 10. 0-0 Qc7 11. Nd6+ Bxd6 12. exd6 Qc6 13. f3 c4 14. Qd4 0-0 15. Qxc4 Qxd6 16. Qd4 e5 17. Qf2 Qg6 18. c4 Nb4 19. Rd1 e4 20. Bf4 Nd3 21. Bxd3 exd3 22. Qe3 Rfe8 23. Qxd3 Re1+ 24. Rxe1 Qxd3 25. b3 Qg6 26. Bg3 f5 27. Rad1 f4 28. Bxf4 Bxf3 29. Rd2 Bc6 30. Bg3 Re8 31. Rxe8+ Qxe8 32. Kf1 Qe4 33. Bd6 Qe3 34. Bb4 Be4 35. g3 Qf3+ 36. Ke1 Bd3 37. Rb2 Qh1+ 38. Kd2 Qxh2+ 39. Kc3 Qxg3 0-1

[Event "Budapest SixDays 03 IM-C"]
[Site "Budapest"]
[Date "2025.03.24"]
[Round "1"]
[White "Bashirov, Kemal"]
[Black "Georgiadis, Anastasios"]
[Result "1/2-1/2"]
[WhiteElo "2336"]
[BlackElo "2229"]
[PlyCount "89"]
[EventDate "2025.03.24"]
[EventType "tourn"]
[EventRounds "9"]
[EventCountry "HUN"]
[SourceTitle "CB14_2025"]
[SourceDate "2024.11.01"]
[SourceVersion "1"]
[SourceVersionDate "2024.11.01"]
[SourceQuality "1"]

1. d4 Nf6 2. c4 e6 3. Nc3 Bb4 4. a3 Bxc3+ 5. bxc3 d6 6. f3 0-0 7. e4 c5 8. Bd3 Nc6 9. Ne2 e5 10. d5 Na5 11. Bg5 h6 12. Be3 Nd7 13. Ng3 Re8 14. 0-0 Nf8 15. f4 exf4 16. Bxf4 Ng6 17. Qf3 Nxf4 18. Qxf4 f6 19. Nh5 Re5 20. Qh4 Qe7 21. Rf2 Bd7 22. Raf1 Rf8 23. h3 Rg5 24. Nf4 Qe5 25. Ne2 Re8 26. Qf4 Qxf4 27. Nxf4 Rge5 28. Ng6 Rg5 29. Nf4 Rge5 30. Re2 Rc8 31. Ng6 Ree8 32. Nh4 b6 33. Rfe1 Nb7 34. Nf5 Bxf5 35. exf5 Re5 36. Rxe5 dxe5 37. a4 Kf8 38. Kf2 Re8 39. g4 Nd6 40. Ke3 Ke7 41. Ra1 Rb8 42. h4 Kd7 43. Rh1 Rh8 44. Rg1 Kc7 45. h5 1/2-1/2

[Event "Titled Tuesday intern op 04th Mar Early"]
[Site "Chess.com INT"]
[Date "2025.03.04"]
[Round "1"]
[White "Bashirov, Kemal"]
[Black "Alivodic, Dario"]
[Result "0-1"]
[WhiteElo "2336"]
[BlackElo "2175"]
[PlyCount "116"]
[EventDate "2025.03.04"]
[EventType "swiss (blitz)"]
[EventRounds "11"]
[EventCountry "USA"]
[SourceTitle "CB11_2025"]
[SourceDate "2025.03.12"]
[SourceVersion "1"]
[SourceVersionDate "2025.03.12"]
[SourceQuality "1"]

1. d4 d5 2. c4 e6 3. Nc3 c6 4. e4 dxe4 5. Nxe4 Bb4+ 6. Nc3 e5 7. Nf3 e4 8. Ne5 Nd7 9. Bf4 Ngf6 10. Be2 0-0 11. 0-0 Bxc3 12. bxc3 Nxe5 13. Bxe5 Bf5 14. Qb3 b6 15. Rad1 Qe7 16. Bg3 Rfe8 17. Kh1 h6 18. d5 c5 19. Rde1 Qd7 20. Bd1 Re7 21. Qa3 Qd8 22. Ba4 Bd7 23. Bc2 Bf5 24. Qc1 Bg6 25. Bh4 Qd6 26. Bg3 Qd7 27. Qd1 Nh5 28. Bh4 Re5 29. Ba4 Qd6 30. g4 Nf4 31. Bg3 Qf6 32. Qd2 Nd3 33. Bxe5 Qf3+ 34. Kg1 Nxe5 35. Bd1 Qh3 36. Qf4 Re8 37. Qg3 Qxg3+ 38. hxg3 Nxc4 39. Re2 e3 40. Rfe1 Bd3 41. Rxe3 Nxe3 42. Rxe3 Rxe3 43. fxe3 Kf8 44. Kf2 Ke7 45. Kf3 Kd6 46. Bb3 c4 47. Ba4 Kxd5 48. Be8 f6 49. Bf7+ Ke5 50. Be8 a6 51. Bc6 Kd6 52. Bb7 a5 53. Kf4 Kc5 54. e4 b5 55. Kf5 b4 56. cxb4+ axb4 57. Kf4 b3 58. Ke3 b2 0-1

[Event "Titled Tuesday intern op 04th Mar Early"]
[Site "Chess.com INT"]
[Date "2025.03.04"]
[Round "7"]
[White "Bashirov, Kemal"]
[Black "Otero Marino, Alain"]
[Result "0-1"]
[WhiteElo "2336"]
[BlackElo "2270"]
[PlyCount "62"]
[EventDate "2025.03.04"]
[EventType "swiss (blitz)"]
[EventRounds "11"]
[EventCountry "USA"]
[SourceTitle "CB11_2025"]
[SourceDate "2025.03.12"]
[SourceVersion "1"]
[SourceVersionDate "2025.03.12"]
[SourceQuality "1"]

1. d4 Nf6 2. Nf3 d5 3. c4 e6 4. Nc3 Be7 5. Bg5 h6 6. Bf4 0-0 7. e3 c5 8. Be2 cxd4 9. exd4 Nc6 10. 0-0 dxc4 11. Bxc4 Nb4 12. h3 b6 13. Ne5 Bb7 14. a3 Nbd5 15. Bg3 Rc8 16. Qe2 Bd6 17. Nb5 Bb8 18. Rac1 a6 19. Nc3 b5 20. Bd3 b4 21. Ne4 Rxc1 22. Rxc1 bxa3 23. Bh4 axb2 24. Qxb2 Ba8 25. Nxf6+ Nxf6 26. Bxf6 Qxf6 27. Nd7 Qg5 28. f4 Bxf4 29. Rc5 Be3+ 30. Kf1 Qf4+ 31. Ke1 Bxd4 0-1

[Event "Titled Tuesday intern op 04th Mar Early"]
[Site "Chess.com INT"]
[Date "2025.03.04"]
[Round "2"]
[White "Sitnic, Adnan"]
[Black "Bashirov, Kemal"]
[Result "1-0"]
[WhiteElo "2105"]
[BlackElo "2336"]
[PlyCount "95"]
[EventDate "2025.03.04"]
[EventType "swiss (blitz)"]
[EventRounds "11"]
[EventCountry "USA"]
[SourceTitle "CB11_2025"]
[SourceDate "2025.03.12"]
[SourceVersion "1"]
[SourceVersionDate "2025.03.12"]
[SourceQuality "1"]

1. e4 e5 2. Nf3 Nf6 3. Nxe5 d6 4. Nf3 Nxe4 5. Nc3 Nf6 6. d4 Be7 7. Bd3 0-0 8. h3 Re8 9. 0-0 Nbd7 10. Re1 Nf8 11. Bf4 Ng6 12. Bh2 Bd7 13. Qd2 Bf8 14. Rxe8 Qxe8 15. Re1 Qd8 16. Ng5 c6 17. d5 Qb6 18. dxc6 bxc6 19. b3 Re8 20. Rxe8 Bxe8 21. Bxg6 hxg6 22. Bxd6 Bxd6 23. Qxd6 Qa5 24. Qd2 c5 25. a4 Bc6 26. Nce4 Qxd2 27. Nxd2 Nd5 28. Nge4 Nb4 29. c3 Na6 30. Kf1 c4 31. b4 Bxa4 32. Nxc4 Nc7 33. Ncd6 Nd5 34. b5 f5 35. c4 fxe4 36. cxd5 Kf8 37. Ke2 Bc2 38. Ke3 Bd3 39. Nc8 Bxb5 40. Nxa7 Bf1 41. g3 Bxh3 42. Kxe4 Ke7 43. Ke5 Kd7 44. Nc6 Bg2 45. Nd4 Ke7 46. Ne6 Kf7 47. d6 Bh3 48. d7 1-0

[Event "Titled Tuesday intern op 25th Feb Early"]
[Site "Chess.com INT"]
[Date "2025.02.25"]
[Round "2"]
[White "Bashirov, Kemal"]
[Black "Tin, Jingyao"]
[Result "0-1"]
[WhiteElo "2320"]
[BlackElo "2582"]
[PlyCount "54"]
[EventDate "2025.02.25"]
[EventType "swiss (blitz)"]
[EventRounds "11"]
[EventCountry "USA"]
[SourceTitle "CB10_2025"]
[SourceDate "2025.03.05"]
[SourceVersion "1"]
[SourceVersionDate "2025.03.05"]
[SourceQuality "1"]

1. d4 Nf6 2. Nf3 d5 3. c4 e6 4. Nc3 a6 5. cxd5 exd5 6. Bg5 Be7 7. e3 0-0 8. Bd3 Be6 9. 0-0 Nbd7 10. Rc1 c6 11. h3 Re8 12. Ne5 Nxe5 13. dxe5 Nd7 14. Bxe7 Qxe7 15. f4 Nc5 16. Bb1 Rad8 17. Qh5 g6 18. Qh6 d4 19. exd4 Rxd4 20. f5 Bc4 21. fxg6 fxg6 22. Rf6 Qxe5 23. Rf3 Bd3 24. Bxd3 Rxd3 25. Rf2 Qe3 26. Qxe3 Rdxe3 27. Kh2 Nd3 0-1

[Event "Titled Tuesday intern op 25th Feb Early"]
[Site "Chess.com INT"]
[Date "2025.02.25"]
[Round "8"]
[White "Mirzoev, Azer"]
[Black "Bashirov, Kemal"]
[Result "0-1"]
[WhiteElo "2442"]
[BlackElo "2320"]
[PlyCount "96"]
[EventDate "2025.02.25"]
[EventType "swiss (blitz)"]
[EventRounds "11"]
[EventCountry "USA"]
[SourceTitle "CB10_2025"]
[SourceDate "2025.03.05"]
[SourceVersion "1"]
[SourceVersionDate "2025.03.05"]
[SourceQuality "1"]

1. d4 Nf6 2. Bf4 d5 3. e3 c5 4. c3 Nc6 5. Nd2 cxd4 6. exd4 Bf5 7. Be2 e6 8. Qb3 Bd6 9. Bxd6 Qxd6 10. Ngf3 0-0 11. 0-0 Ne4 12. a4 Bg4 13. Rfe1 f5 14. Nf1 Rf6 15. Qxb7 Rb8 16. Qa6 Rxb2 17. Rac1 Rh6 18. Ng3 Bxf3 19. Bxf3 Nxf2 20. Qc8+ Nd8 21. Rb1 Nd3 22. Rxb2 Nxb2 23. Rb1 Nxa4 24. Rb8 Kf7 25. Qxd8 Qxd8 26. Rxd8 Nxc3 27. Rd7+ Kf8 28. Nh5 g5 29. g4 Nb5 30. h3 Nxd4 31. Bd1 f4 32. Kf2 a5 33. Ra7 e5 34. Rxa5 Rd6 35. Ra8+ Ke7 36. Ra7+ Rd7 37. Rxd7+ Kxd7 38. Nf6+ Ke7 39. Nxh7 Ne6 40. Bb3 Kd6 41. Nf6 e4 42. Bxd5 e3+ 43. Ke1 Nd4 44. Be4 Ke5 45. Nh7 Kxe4 46. Nxg5+ Kd3 47. h4 Nc2+ 48. Kd1 e2+ 0-1

[Event "Titled Tuesday intern op 11th Feb Early"]
[Site "Chess.com INT"]
[Date "2025.02.11"]
[Round "1"]
[White "Babayeva, Nasrin"]
[Black "Bashirov, Kemal"]
[Result "0-1"]
[WhiteElo "1936"]
[BlackElo "2320"]
[PlyCount "74"]
[EventDate "2025.02.11"]
[EventType "swiss (blitz)"]
[EventRounds "11"]
[EventCountry "USA"]
[SourceTitle "CB08_2025"]
[SourceDate "2025.02.19"]
[SourceVersion "1"]
[SourceVersionDate "2025.02.19"]
[SourceQuality "1"]

1. c4 e6 2. g3 d5 3. Bg2 Nf6 4. Nf3 d4 5. b3 c5 6. e3 Nc6 7. exd4 cxd4 8. 0-0 Bc5 9. Re1 0-0 10. Bb2 d3 11. Ba3 Qb6 12. Bxc5 Qxc5 13. a3 Ng4 14. Rf1 a5 15. Nc3 f5 16. h3 Nf6 17. Na4 Qd6 18. c5 Qc7 19. Nb6 Rb8 20. Nxc8 Rbxc8 21. Ng5 Rce8 22. Qb1 Qd7 23. b4 e5 24. Qb3+ Kh8 25. Bxc6 bxc6 26. Rac1 e4 27. h4 f4 28. Rc4 h6 29. gxf4 Qg4+ 30. Kh2 hxg5 31. hxg5 Qxf4+ 32. Kg2 Ng4 33. Rh1+ Nh6 34. gxh6 Qxf2+ 35. Kh3 Rf3+ 36. Kg4 Qg3+ 37. Kh5 g6# 0-1

[Event "Titled Tuesday intern op 11th Feb Early"]
[Site "Chess.com INT"]
[Date "2025.02.11"]
[Round "3"]
[White "Bashirov, Kemal"]
[Black "Huseynova, Lala"]
[Result "1-0"]
[WhiteElo "2320"]
[BlackElo "2032"]
[PlyCount "51"]
[EventDate "2025.02.11"]
[EventType "swiss (blitz)"]
[EventRounds "11"]
[EventCountry "USA"]
[SourceTitle "CB09_2025"]
[SourceDate "2025.02.27"]
[SourceVersion "1"]
[SourceVersionDate "2025.02.27"]
[SourceQuality "1"]

1. d4 d5 2. c4 e6 3. Nc3 Nf6 4. Bg5 dxc4 5. e3 Be7 6. Bxc4 0-0 7. Nf3 b6 8. 0-0 Bb7 9. Bd3 h6 10. Bf4 Nbd7 11. e4 c5 12. e5 Nd5 13. Nxd5 Bxd5 14. Qe2 cxd4 15. Nxd4 Bc5 16. Nb3 Qe7 17. Rad1 Rad8 18. Qg4 Kh8 19. Qh5 f5 20. exf6 Qxf6 21. Bg3 e5 22. Nxc5 Nxc5 23. Bxe5 Qc6 24. Bg6 Bxg2 25. Qxh6+ Kg8 26. Qxg7# 1-0

[Event "Titled Tuesday intern op 11th Feb Early"]
[Site "Chess.com INT"]
[Date "2025.02.11"]
[Round "8"]
[White "Martin, Lewis"]
[Black "Bashirov, Kemal"]
[Result "0-1"]
[WhiteElo "2050"]
[BlackElo "2320"]
[PlyCount "70"]
[EventDate "2025.02.11"]
[EventType "swiss (blitz)"]
[EventRounds "11"]
[EventCountry "USA"]
[SourceTitle "CB09_2025"]
[SourceDate "2025.02.27"]
[SourceVersion "1"]
[SourceVersionDate "2025.02.27"]
[SourceQuality "1"]

1. e4 e5 2. Nf3 Nf6 3. Nc3 Nc6 4. Bb5 Bb4 5. 0-0 0-0 6. Re1 d6 7. a3 Bc5 8. b4 Bb6 9. d3 h6 10. Be3 Nd4 11. Bxd4 exd4 12. Ne2 Bg4 13. Nd2 c6 14. Ba4 Re8 15. f3 Bh5 16. Bb3 d5 17. Nf4 dxe4 18. Nxe4 Nxe4 19. Rxe4 Qg5 20. Nxh5 Qxh5 21. Qe2 Rxe4 22. Qxe4 Qg5 23. Re1 Rf8 24. a4 Qd2 25. a5 Bd8 26. Re2 Qxb4 27. Qf5 Bxa5 28. Bxf7+ Rxf7 29. Re8+ Rf8 30. Rxf8+ Qxf8 31. Qxa5 Qe7 32. Kf2 Qe3+ 33. Kg3 Qg5+ 34. Qxg5 hxg5 35. Kg4 a5 0-1

[Event "Titled Tuesday intern op 04th Feb Early"]
[Site "Chess.com INT"]
[Date "2025.02.04"]
[Round "2"]
[White "Abdurakhmanov, Mukhmmadali"]
[Black "Bashirov, Kemal"]
[Result "0-1"]
[WhiteElo "2396"]
[BlackElo "2320"]
[PlyCount "134"]
[EventDate "2025.02.04"]
[EventType "swiss (blitz)"]
[EventRounds "11"]
[EventCountry "USA"]
[SourceTitle "CB07_2025"]
[SourceDate "2025.02.12"]
[SourceVersion "1"]
[SourceVersionDate "2025.02.12"]
[SourceQuality "1"]

1. Nf3 Nf6 2. g3 d5 3. Bg2 c5 4. 0-0 e6 5. d3 Nc6 6. Nbd2 Be7 7. e4 0-0 8. h3 a5 9. a4 Rb8 10. Re1 b6 11. c3 Ba6 12. e5 Nd7 13. c4 Nb4 14. Bf1 Qc7 15. Nb1 dxc4 16. dxc4 Rbd8 17. Qb3 Nb8 18. Nc3 Bb7 19. Ne4 N8c6 20. Bf4 Nd4 21. Nxd4 Rxd4 22. Bg2 Nd3 23. Re3 Rfd8 24. Kh2 Bxe4 25. Bxe4 Nxf4 26. gxf4 f5 27. Bg2 Rxf4 28. Rf1 Rd2 29. Kg1 Bh4 30. Rf3 Qxe5 31. Qxb6 Rxf3 32. Bxf3 Bxf2+ 33. Kh1 Bh4 34. Bg2 h6 35. Qxa5 Qe2 36. Qa8+ Kh7 37. a5 Bg3 38. a6 Rd1 39. Qf3 Rxf1+ 40. Qxf1 Qxf1+ 41. Bxf1 Bb8 42. Kg2 Ba7 43. Bd3 Kg6 44. Kf3 Kf6 45. Bc2 Ke5 46. Ba4 Kd4 47. Bd7 Ke5 48. Bc8 g5 49. Ke3 h5 50. Kf3 g4+ 51. hxg4 hxg4+ 52. Kg3 Kf6 53. Bb7 e5 54. Bd5 Kg5 55. Kg2 Kf4 56. Kf2 e4 57. Ke2 g3 58. Be6 Kg4 59. Bd7 Kg5 60. Ke3 f4+ 61. Ke2 f3+ 62. Ke3 g2 63. Kf2 Kf4 64. Bh3 e3+ 65. Kg1 Kg3 66. Bxg2 fxg2 67. b3 e2 0-1

[Event "Titled Tuesday intern op 04th Feb Early"]
[Site "Chess.com INT"]
[Date "2025.02.04"]
[Round "4"]
[White "Aradhya, Garg"]
[Black "Bashirov, Kemal"]
[Result "1-0"]
[WhiteElo "2348"]
[BlackElo "2320"]
[PlyCount "55"]
[EventDate "2025.02.04"]
[EventType "swiss (blitz)"]
[EventRounds "11"]
[EventCountry "USA"]
[SourceTitle "CB07_2025"]
[SourceDate "2025.02.12"]
[SourceVersion "1"]
[SourceVersionDate "2025.02.12"]
[SourceQuality "1"]

1. d4 Nf6 2. c4 e6 3. Nf3 b6 4. Nc3 Bb4 5. e3 0-0 6. Bd3 Bb7 7. 0-0 c5 8. Na4 cxd4 9. exd4 d5 10. c5 Nbd7 11. a3 bxc5 12. axb4 cxb4 13. Bg5 h6 14. Bh4 Qe8 15. Bb5 a6 16. Bxd7 Nxd7 17. Rc1 Rc8 18. Rxc8 Qxc8 19. Be7 Re8 20. Bxb4 Bc6 21. Nc5 Qc7 22. Qd2 Bb5 23. Rc1 Rc8 24. h4 Nb8 25. Nb3 Nc6 26. Na5 Qb8 27. Nxc6 Bxc6 28. Ne5 1-0

[Event "Titled Tuesday intern op 04th Feb Early"]
[Site "Chess.com INT"]
[Date "2025.02.04"]
[Round "7"]
[White "Arnold, Rhys"]
[Black "Bashirov, Kemal"]
[Result "0-1"]
[WhiteElo "2290"]
[BlackElo "2320"]
[PlyCount "41"]
[EventDate "2025.02.04"]
[EventType "swiss (blitz)"]
[EventRounds "11"]
[EventCountry "USA"]
[SourceTitle "CB07_2025"]
[SourceDate "2025.02.12"]
[SourceVersion "1"]
[SourceVersionDate "2025.02.12"]
[SourceQuality "1"]

1. e4 e5 2. Nf3 Nf6 3. Nxe5 d6 4. Nf3 Nxe4 5. d3 Nf6 6. d4 d5 7. Bd3 Bd6 8. c4 dxc4 9. Bxc4 0-0 10. 0-0 Bg4 11. h3 Bh5 12. Nc3 Nc6 13. Bg5 h6 14. Be3 Ne7 15. Qe2 Nf5 16. g4 Nxg4 17. hxg4 Bxg4 18. Bd5 Nh4 19. Qd3 Nxf3+ 20. Bxf3 Qh4 21. Bf4 0-1

[Event "Titled Tuesday intern op 28th Jan Early"]
[Site "Chess.com INT"]
[Date "2025.01.28"]
[Round "4"]
[White "Concio, Michael Jr"]
[Black "Bashirov, Kemal"]
[Result "1-0"]
[WhiteElo "2371"]
[BlackElo "2293"]
[PlyCount "43"]
[EventDate "2025.01.28"]
[EventType "swiss (blitz)"]
[EventRounds "11"]
[EventCountry "USA"]
[SourceTitle "CB06_2025"]
[SourceDate "2025.02.05"]
[SourceVersion "1"]
[SourceVersionDate "2025.02.05"]
[SourceQuality "1"]

1. d4 Nf6 2. c4 e6 3. Nf3 b6 4. g3 Ba6 5. Bg2 Bxc4 6. Nc3 Bb4 7. 0-0 Bxc3 8. bxc3 d5 9. Ba3 Nbd7 10. Re1 c5 11. Nd2 Rc8 12. Nxc4 dxc4 13. e4 0-0 14. d5 exd5 15. e5 Ne4 16. Qxd5 Ng5 17. f4 Ne6 18. Qxc4 g6 19. Rad1 Qc7 20. Rd6 a6 21. Qxa6 Ra8 22. Bxa8 1-0

[Event "Titled Tuesday intern op 28th Jan Early"]
[Site "Chess.com INT"]
[Date "2025.01.28"]
[Round "1"]
[White "Nikulina, Alena"]
[Black "Bashirov, Kemal"]
[Result "0-1"]
[WhiteElo "1875"]
[BlackElo "2293"]
[PlyCount "98"]
[EventDate "2025.01.28"]
[EventType "swiss (blitz)"]
[EventRounds "11"]
[EventCountry "USA"]
[SourceTitle "CB06_2025"]
[SourceDate "2025.02.05"]
[SourceVersion "1"]
[SourceVersionDate "2025.02.05"]
[SourceQuality "1"]

1. e4 e5 2. Nf3 Nf6 3. d4 exd4 4. e5 Ne4 5. Qxd4 d5 6. exd6 Nxd6 7. Bd3 Nc6 8. Qf4 Be7 9. Nc3 Be6 10. Be3 Qd7 11. 0-0-0 0-0-0 12. Nb5 a6 13. Nbd4 Kb8 14. Nxc6+ Qxc6 15. Nd4 Qxg2 16. Nxe6 fxe6 17. Rhg1 Qd5 18. c4 Qa5 19. Kb1 Bf6 20. c5 Nb5 21. Bxb5 Qxb5 22. Bd4 Qb4 23. Be5 Qxf4 24. Bxf4 Rxd1+ 25. Rxd1 Rd8 26. Rxd8+ Bxd8 27. Kc2 Kc8 28. Kd3 Kd7 29. b4 Bf6 30. Ke4 Kc6 31. Be5 Bxe5 32. Kxe5 Kd7 33. a4 c6 34. h4 Ke7 35. f4 g6 36. Kd4 Kf6 37. Ke4 h6 38. a5 h5 39. Ke3 Kf5 40. Kf3 e5 41. fxe5 Kxe5 42. Ke3 Kf5 43. Kf3 g5 44. hxg5 Kxg5 45. Kg3 Kf5 46. Kh4 Ke4 47. Kxh5 Kd4 48. Kg4 Kc4 49. Kf4 Kxb4 0-1

[Event "Titled Tuesday intern op 14th Jan Early"]
[Site "Chess.com INT"]
[Date "2025.01.14"]
[Round "10"]
[White "Fishman, Albert"]
[Black "Bashirov, Kemal"]
[Result "0-1"]
[WhiteElo "2149"]
[BlackElo "2293"]
[PlyCount "100"]
[EventDate "2025.01.14"]
[EventType "swiss (blitz)"]
[EventRounds "11"]
[EventCountry "USA"]
[SourceTitle "CB04_2025"]
[SourceDate "2025.01.22"]
[SourceVersion "1"]
[SourceVersionDate "2025.01.22"]
[SourceQuality "1"]

1. e4 e5 2. Nf3 Nf6 3. Nc3 Nc6 4. Bc4 Nxe4 5. Nxe4 d5 6. Bd3 dxe4 7. Bxe4 Bd6 8. d4 exd4 9. Nxd4 Nxd4 10. Qxd4 0-0 11. Be3 Bg4 12. h3 Be6 13. 0-0 Qe7 14. Rae1 c6 15. Qd2 Bc7 16. Bd4 Rad8 17. Qe3 Qd6 18. Be5 Qxe5 19. Bxh7+ Kxh7 20. Qxe5 Bxe5 21. Rxe5 Rd2 22. Rc5 Rfd8 23. f4 R8d5 24. Rxd5 Bxd5 25. Rf2 Rxf2 26. Kxf2 Bxa2 27. Ke3 Bb1 28. Kd2 a5 29. Kc1 Ba2 30. b3 a4 31. Kb2 axb3 32. cxb3 Bxb3 33. Kxb3 Kg6 34. g4 f5 35. Kc4 b5+ 36. Kc5 Kf6 37. Kd4 b4 38. Kc4 c5 39. Kb3 Kg6 40. Kc4 Kf6 41. Kb3 Ke6 42. Kc4 g6 43. Kb3 fxg4 44. hxg4 Kd5 45. Kc2 Ke4 46. f5 gxf5 47. g5 Ke5 48. Kd3 Ke6 49. Ke3 Kf7 50. Kf4 Kg6 0-1

[Event "Titled Tuesday intern op 14th Jan Early"]
[Site "Chess.com INT"]
[Date "2025.01.14"]
[Round "1"]
[White "Victor, Julian"]
[Black "Bashirov, Kemal"]
[Result "1-0"]
[WhiteElo "2304"]
[BlackElo "2293"]
[PlyCount "79"]
[EventDate "2025.01.14"]
[EventType "swiss (blitz)"]
[EventRounds "11"]
[EventCountry "USA"]
[SourceTitle "CB04_2025"]
[SourceDate "2025.01.22"]
[SourceVersion "1"]
[SourceVersionDate "2025.01.22"]
[SourceQuality "1"]

1. e4 e5 2. Nf3 Nf6 3. Nc3 Nc6 4. Bb5 Bb4 5. 0-0 0-0 6. d3 d6 7. Ne2 h6 8. c3 Ba5 9. Ng3 Be6 10. d4 exd4 11. cxd4 Bg4 12. Be3 Bb6 13. Rc1 Bxf3 14. gxf3 a6 15. Bxc6 bxc6 16. Rxc6 Qd7 17. Rc2 Qh3 18. Kh1 Rae8 19. Rg1 Kh7 20. Nf5 g5 21. Rg3 Qh5 22. Qf1 d5 23. Rh3 Qg6 24. Rxh6+ Qxh6 25. Nxh6 Kxh6 26. Qh3+ Kg7 27. e5 Nh7 28. Rc6 f6 29. Qh5 fxe5 30. Rg6+ Kh8 31. Rh6 Re7 32. Bxg5 Rg7 33. dxe5 Bxf2 34. f4 Kg8 35. Rg6 Nxg5 36. Qxg5 Rff7 37. f5 d4 38. f6 Rxg6 39. Qxg6+ Kf8 40. e6 1-0

[Event "Titled Tuesday intern op 07th Jan Early"]
[Site "Chess.com INT"]
[Date "2025.01.07"]
[Round "3"]
[White "Jagirapu, Harshin Reddy"]
[Black "Bashirov, Kemal"]
[Result "1-0"]
[WhiteElo "2094"]
[BlackElo "2293"]
[PlyCount "83"]
[EventDate "2025.01.07"]
[EventType "swiss (blitz)"]
[EventRounds "11"]
[EventCountry "USA"]
[SourceTitle "CB03_2025"]
[SourceDate "2025.01.15"]
[SourceVersion "1"]
[SourceVersionDate "2025.01.15"]
[SourceQuality "1"]

1. d4 Nf6 2. Nf3 e6 3. e3 d5 4. Bd3 Bd6 5. Nbd2 0-0 6. 0-0 c5 7. c3 Nc6 8. Re1 e5 9. e4 cxd4 10. cxd4 Bg4 11. h3 Bxf3 12. Nxf3 dxe4 13. dxe5 exd3 14. exf6 Qxf6 15. Qxd3 Rad8 16. Bg5 Bh2+ 17. Kxh2 Rxd3 18. Bxf6 gxf6 19. Rac1 Rfd8 20. Rc4 Kf8 21. Rh4 Kg8 22. Ree4 Rd1 23. Reg4+ Kh8 24. Rh6 R8d6 25. Rgh4 Kg7 26. Rxh7+ Kf8 27. Re4 Ne7 28. Nh4 R6d5 29. Rh8+ Kg7 30. Rb8 Nc6 31. Rxb7 Ra1 32. a3 Rdd1 33. Rg4+ Kf8 34. Rc7 Ne5 35. Rb4 Rh1+ 36. Kg3 Rad1 37. Nf5 Rd3+ 38. f3 Kg8 39. Rxa7 Rg1 40. Nh4 Rd2 41. Kh2 Rf1 42. Rf4 1-0